000 00215nam a22000977a 4500
999 _c15570
_d15570
003 OSt
008 190516b ||||| |||| 00| 0 eng d
082 _a005.369
245 _aEasy Auto cad Autorial approach
942 _cBK